Database system concepts (Record no. 148)

MARC details
000 -LEADER
fixed length control field 00513 a2200193 4500
001 - CONTROL NUMBER
control field 065870
003 - CONTROL NUMBER IDENTIFIER
control field OSt
005 - DATE AND TIME OF LATEST TRANSACTION
control field 20210903170539.0
008 - FIXED-LENGTH DATA ELEMENTS--GENERAL INFORMATION
fixed length control field
082 ## - DEWEY DECIMAL CLASSIFICATION NUMBER
Classification number 005.73
Item number S32D
100 1# - MAIN ENTRY--PERSONAL NAME
Personal name Silberschatz, Abraham
245 1# - TITLE STATEMENT
Title Database system concepts
Statement of responsibility, etc by Abraham Silberschatz and Henry F. Korth
260 ## - PUBLICATION, DISTRIBUTION, ETC. (IMPRINT)
Place of publication, distribution, etc New Delhi
Name of publisher, distributor, etc McGraw Hill
Date of publication, distribution, etc 2006
300 ## - PHYSICAL DESCRIPTION
Extent 1142p.
630 ## - SUBJECT ADDED ENTRY--UNIFORM TITLE
Uniform title Computer Science
690 ## - LOCAL SUBJECT ADDED ENTRY--TOPICAL TERM (OCLC, RLIN)
Topical term or geographic name as entry element Database management
700 ## - ADDED ENTRY--PERSONAL NAME
Personal name Korth, Henry F.
942 ## - ADDED ENTRY ELEMENTS (KOHA)
Source of classification or shelving scheme Dewey Decimal Classification
Koha item type Books
Holdings
Withdrawn status Lost status Source of classification or shelving scheme Damaged status Not for loan Collection code Home library Current library Department Date acquired Source of acquisition Coded location qualifier Cost, normal purchase price Inventory number(Invoice/Date) Total Checkouts Full call number Barcode Date last seen Date checked out Price effective from Koha item type
    Dewey Decimal Classification     General Text Book Central University Of Rajasthan Central University Of Rajasthan Computer Science 07/03/2012 CSC Parnay Boo 451.00 247/09-03-2010 7 005.73 S32D 156 13/03/2026 26/02/2026 02/09/2020 Books
    Dewey Decimal Classification     General Text Book Central University Of Rajasthan Central University Of Rajasthan Computer Science 07/03/2012 CSC Parnay Boo 451.00 247/09-03-2010 10 005.73 S32D 157 27/04/2026 08/04/2026 02/09/2020 Books